000 02969cam a22006734i 4500
003 PE-LiUPU
005 20250731170447.0
008 150706s1990 mx a rb 000 0 spa d
020 _a9682437334
020 _a9789682437335
035 _a(Sirsi) i9789682437335
040 _aPE-LiUPU
_bspa
_cPE-LiUPU
_dPE-LiUPU
_erda
049 _aPRUA
082 0 4 _a152.8
_bM85 2005
082 0 4 _a152.8
_bM85
_221
100 1 _aMagnusson, David,
_eautor.
245 1 0 _aTeoría de los tests :
_bpsicometría diferencial, psicología aplicada, orientación vocacional /
_cDavid Magnusson.
264 1 _aMéxico :
_bTrillas,
_c1990.
300 _a318 páginas :
_bilustraciones ;
_c23 centímetros.
336 _atext
_2rdacontent
337 _aunmediated
_2rdamedia
338 _avolume
_2rdacarrier
490 0 _aBiblioteca técnica de Psicología
504 _aIncluye bibliografía.
505 0 _aLa Medición en psicología diferencial -- El Ítem aislado y su varianza -- Correlación y predicción -- Varianza total de un test, covarianza -- Confiabilidad -- Error estándar de medida -- La confiabilidad de las diferencias de puntaje -- Varianza de error en las estimaciones de confiabilidad -- Métodos prácticos para estimar la confiabilidad -- La predicción y su garantía -- Predicción individual, clasificación y selección -- Teoría factorial, confiabilidad y validez -- análisis de ítems -- La conjetura -- Escalas, transformaciones y normas.
526 _aSEG68
526 _aSEG70
526 _aSEG69
526 _aSEG67
526 _aSEG43
526 _aP144
526 _aP143
526 _aP131
526 _aP122
526 _aP120
526 _aP117
526 _aP112
526 _aP110
526 _aP106
526 _aP101
526 _aP80
526 _aP59
526 _aP54
526 _aP35
526 _aP33
526 _aP30
541 _g001-0030486;
650 0 4 _aPruebas Psicológicas.
650 0 4 _aPsicometría.
910 _agl
_bjv
_cng
_d20090918
942 _2ddc
_cBOOK
949 _a152.8 M16 2005
_wDEWEY
_c1
_iFJ03178
_lCCODEBUJ1
_mBUJ
_p28.00
_r0
_sY
_tBOOK
_u2015-10-14
_xSALUD
_PP33
_0COMPRA
_o.STAFF. Colección Ciencias de la Salud
949 _a152.8 M85
_wDEWEY
_c1
_i60431
_d2016-10-25
_e2016-10-25
_lCCODEBUL1
_mBUL
_n9
_p28.00
_r0
_sY
_tBOOK
_u2015-7-6
_xSALUD
_PP33
_0COMPRA
_o.STAFF. Colección Ciencias de la Salud
994 _aC0
_bPEPRU
596 _a1 3
999 _a152.8 M85
_wDEWEY
_c49885
_i60431
_d49885
_e2018-6-19
_f2021-11-3
_g5
_lCCODEBUL1
_mBUL
_n11
_p28.00
_q2
_r0
_sY
_tBOOK
_u2015-7-6
_xSALUD
_zP33
_0COMPRA
_o.STAFF. Colección Ciencias de la Salud
999 _a152.8 M16 2005
_wDEWEY
_c1
_iFJ03178
_d2019-10-15
_e2017-5-18
_f2022-1-17
_g4
_lCCODEBUJ1
_mBUJ
_n2
_p28.00
_q4
_r0
_sY
_tBOOK
_u2015-10-14
_xSALUD
_PP33
_0COMPRA
_o.STAFF. Colección General
980 _81
_gALBERTO SANCHEZ Responsable de Automatización